000 00540nam a2200181 i 4500
001 79650
003 ES-MaACL
005 20230906174025.0
007 t|
008 041022s1959 sp ||||1| spa d
080 _a860(729.5)-311.6"19"
100 1 _aHernández Aquino, Luis.
_962883
245 1 3 _aLa muerte anduvo por el Guasío
_b: novela /
_cLuis Hernández Aquino.
260 _aMadrid :
_bAreyto,
_c[1959] (
_fHauser y Menet)
300 _a191 p. ;
_c21 cm.
710 2 _aHauser y Menet (Madrid)
_94558
852 _aES-MaACL
_jC-22605
999 _c79650
_d79650